Statistiques concernant Dirigeants des pays n°2

Cliquez ici pour prendre le quiz!

Statistiques générales

  • Ce quiz a été pris 12 fois
  • Le résultat moyen est 2 sur 20

Statistiques - réponses

PaysDirigeant% Correct
SyrieBachar el-Assad
73%
PhilippinesRodrigo Duterte
27%
JordanieAbdallah II
18%
ArménieArmen Sarkissian
18%
IranHassan Rohani
18%
IsraelReuven Rivlin
18%
AzerbaidjanIlham Aliyev
9%
MongolieKhaltmaagiyn Battulga
9%
Corée du SudMoon Jae-in
9%
OuzbékistanShavkat Mirziyoyev
9%
BangladeshAbdul Hamid
0%
MalaisieAbdullah Shah
0%
PakistanArif Alvi
0%
IrakBarham Salih
0%
LaosBoungnang Vorachit
0%
CambodgeCheng Heng
0%
Sri LankaMaithripala Sirisena
0%
Viet NamNguyễn Phú Trọng
0%
GéorgieSalomé Zourabichvili
0%
KirghizistanSooronbay Jeenbekov
0%

Distribution des résultats

Percentile par nombre de réponses

% des personnes avec chaque résultat

Votre développement - résultats

Vous n’avez pas pris ce quiz